00975nab a2200277 uc450000100070000000500170000700800410002403500110006503500210007604000130009704100080011010000410011824501140015965000350027365000310030865000140033965000170035365000290037065000220039965000300042165000230045170000370047470000380051170000380054977301100058779535520240504090139.0030210s2002 spa  a795355 a(OCoLC)820007818 ccomduadb aspa10aGarcia Gutierrez, Cipriano4auteaut10aToxicidad de Blastosporas de Beauveria bassiana, Vuill sobre Brachystola magna, Girard, Orthoptera: Acrididae 7aHongos entomopatógenos2lemb aHongo : Beauveria bassiana aToxicidad aOrtópteros 7aPlagas agrícolas2lemb aBrachystola magna 7aControl biológico2lemb aInsectos dañinos10aAlvarez Amador, Samuel4auteaut10aMedrano Roldán, Hiram4auteaut10aPerez Santiago, Gerardo4auteaut0 tFolia Entomológica Mexicana (Xalapa)gVol. 041, No. 02, Ago. 2002, p. 209-214w255927x0430-8603097225